Clic On ne peut pas faire cette recette sans... (2) - Statistiques

Statistiques générales
  • Ce quiz a été pris 320 fois
  • Le résultat moyen est 15 sur 20
Statistiques - réponses
Hint Extra Hint Réponse % Correct
Mojito Rhum, eau gazeuse, citron vert Menthe
91%
Croque-monsieur Pain, fromage Jambon
87%
Tomates farcies Farce... Tomates
87%
Quiche lorraine Oeuf, lardons, lait... Pâte brisée
84%
Moules marinières Moules, assaisonnement Vin blanc
84%
Ratatouille Tomates, courgettes... Aubergine
82%
Clafoutis traditionnel Pâte à clafoutis Cerises
81%
Pot au feu Viande, céleri, poireaux... Carottes
80%
Choucroute Viandes Chou
80%
Chicons au jambon Jambon... Endives
78%
Monaco Limonade, bière Grenadine
78%
Quatre-quart Oeufs, farine, sucre Beurre
70%
Iles flottantes Oeufs, sucre, lait Caramel
69%
Profiteroles traditionnelles Pâte à choux, glace Chocolat
69%
Galette des rois Pâte feuilletée, frangipane Fève
68%
Gratin dauphinois Pommes de terre, crème Lait
68%
Irish coffee Café, sucre, crème Whisky
67%
Pain perdu Oeuf, sucre, lait Pain sec
66%
Sole meunière Sole, beurre Farine
58%
Café liégeois Café, Chantilly, sucre Glace café
48%
Aucun quiz correspondant
Distribution des résultats
% des personnes avec chaque résultat
Percentile par nombre de réponses
Votre historique - résultats
Vous n’avez pas pris ce quiz